Gemeinden im Kanton Appenzell Ausserrhoden - Statistiken

Allgemein
  • Dieses Quiz wurde 99 mal gespielt
  • Das Durchschnittsergebnis liegt bei 15 aus 20
Antwortstatistiken
Bezirk Gemeinde % Korrekt
Hinterland Herisau
100%
Hinterland Hundwil
84%
Hinterland Urnäsch
84%
Mittelland Gais
82%
Mittelland Trogen
80%
Vorderland Wald (AR)
80%
Vorderland Heiden
78%
Mittelland Speicher
78%
Vorderland Walzenhausen
76%
Hinterland Stein (AR)
73%
Mittelland Teufen (AR)
73%
Vorderland Rehetobel
71%
Hinterland Schönengrund
71%
Hinterland Waldstatt
71%
Mittelland Bühler
69%
Hinterland Schwellbrunn
67%
Vorderland Wolfhalden
64%
Vorderland Grub (AR)
58%
Vorderland Lutzenberg
58%
Vorderland Reute (AR)
56%
Keine übereinstimmenden Quizze gefunden
Verteilung der Resultate
Anzahl Personen mit jedem Resultat
Perzentil nach korrekt beantworteten Fragen
Ihre Resultats-Entwicklung
Sie haben dieses Quiz noch nicht gespielt